| 000 | 00000nam##2200000za#4500 |
| 001 | 9.642881 |
| 003 | CaOODSP |
| 005 | 20210624223919 |
| 007 | cr ||||||||||| |
| 008 | 150407|2010||||xxc|||||o f|0| 0 fre|d |
| 040 | |aCaOODSP|bfre |
| 043 | |an-cn--- |
| 086 | 1 |aEn4-240/2010F-PDF |
| 110 | 1 |aCanada. |bEnvironnement Canada. |
| 245 | 10|aCadre de gestion des risques pour l'acide perfluorooctanoïque (APFO), ses sels et ses précurseurs, et les acides perfluorocarboxyliques (APFC) à longue chaîne (C9-C20), leurs sels et leurs précurseurs |h[ressource électronique] |
| 260 | |aOttawa - Ontario : |bEnvironnement Canada |c30 octobre 2010. |
| 300 | |a9p.|bréférences |
| 590 | |a14-08-Supp|b2014-04-10 |
| 691 | 07|aGestion des risques|2gcpds |
| 691 | 07|aProduit toxique|2gcpds |
| 691 | 07|aProtection de l'environnement|2gcpds |
| 775 | 08|tRisk management scope for perfluorooctanoic acid (PFOA), its salts and its precursors, and long-chain (C9-C20) perfluorocarboxylic acids (PFCAs), their salts, and their precursors |w(CaOODSP)9.698818 |
| 856 | 40|ahttp://publications.gc.ca|qPDF|s57 Ko|uhttps://publications.gc.ca/collections/collection_2014/ec/En4-240-2010-fra.pdf |